01127nab a22002057a 4500003000400000005001700004008004100021040001100062100002300073245011100096260007300207300001300280500003800293505029600331505008900627650001900716650001700735650003300752773013600785OSt20250225233229.0190603e xxum|||| |||| 00| 0 spa d cPJ-TDF aPadilla, Nicolás13aLa teoría de la imprevisión en el ámbito de la contratación de criptomonedas /cNicolás Padilla. cCiudad Autónoma de Buenos Aires :aThomson Reuters La Ley, b2024. ap. 72-77 aCita: TR LALEY AR/DOC/2773/2024.  a Sumario: I. Introducción.— II. ¿Podemos recurrir al auxilio de la "imprevisión" al utilizar un medio de pago tan volátil?— III. ¿Qué sería una alteración extraordinaria en el valor de las criptomonedas?— IV. Una posible alternativa: las stablecoins.— V. Conclusión.  t¿Te interesa el texto completo? Solicitalo al correo: koha@justierradelfuego.gov.ar 0aMONEDA VIRTUAL 0aCRIPTOMONEDA 0aTEORÍA DE LA IMPREVISIÓN0 02713dCiudad Autónoma de Buenos Aires : Thomson Reuters La Ley, 2015-tRevista Código Civil y Comercial. Nº 6 - Diciembre 2024